01069nam a2200253 i 4500001000700000003000900007005001700016007000300033008004100036080001600077245014400093260004100237300003000278650005100308700002800359700002400387700002400411700003000435711008400465711009300549852003200642999001900674952012200693141364ES-MaACL20230906200258.0t|070921s1973 sp ||||1| spa d a728.11(063)03aLa vivienda racional b: ponencias de los congresos CIAM 1929-1930 / cAymonio ; [versión de J. F. Chico, J. M. Marco, J. C. Theilacker]. aBarcelona : bGustavo Gili, c[1973] a313 p. : bil. ; c21 cm. aViviendas-xDiseño y construcción.91369991 aAymonino, Carlo.9241841 aChico, J. F.9384871 aMarco, J. M.9764641 aTheilacker, J. C.91098902 aCongreso Internacional de Arquitectura Moderna (n4º. d1930. cBruselas)94122 aCongreso Internacional de Arquitectura Moderna (n2º. d1929. cFrankfurt am Main)9411 aES-MaACLjC-54043 bR.86914 c141364d141364 00104070aATENEOMbATENEOMcDEPO2d2008-01-17eSCl0oC-54043p1147091r2023-02-23 00:00:00w2023-02-23yMONOGRAFIA